Systemy ubezpieczeń zdrowotnych na świecie jak to robią inni - Szwajcaria (cz. 1)

Guardado en:
Detalles Bibliográficos
Autor principal: Rutkowska, Małgorzata
Formato: Capítulo de libro
Lenguaje:polaco
Etiquetas: Agregar Etiqueta
Sin Etiquetas, Sea el primero en etiquetar este registro!

MARC

LEADER 00000naa a2200000 4500
001 0151115
005 20220622081833.8
041 0 |a pol 
044 |a PL 
245 1 0 |a Systemy ubezpieczeń zdrowotnych na świecie  |b jak to robią inni - Szwajcaria (cz. 1)  |c Małgorzata Rutkowska 
100 1 |a Rutkowska, Małgorzata